00933cam7a220026500 4500001001200000008004100012010002200053015001000075020003400085035001900119035002700138035002200165040000800187050002100195082001300216100008300229245008300312260005900395504002900454650002500483700007500508949005900583004000600642999001900648lce00767602740103s1973 enk b 001 0 eng  a 72008604 //r89 aGB*** a0471408638a0471408646 (pbk.) a(Sirsi) r54304 a(DLC) 72008604 //r89 a(UPRA)lce00767602 dICU0 aQH505b.H56 1973 a574.1/911 aHolwill, M. E. J. (Michael E. J.)qHolwill, M. E. J. (Michael E. J.)6A13024.110aIntroduction to biological physicsc[by] M. E. J. Holwill and N. R. Silvester. aLondon, New York,aLondon, New York,bJ. Wileyc[1973] aIncludes bibliographies. 0aBiophysics.6S8766.11 aSilvester, N. R. (Norman R.).qSilvester, N. R. (Norman R.).6A13025.1 aQH505wlcci33729000328158mMAINp2500tBOOKlON-SHELF54304 c140513d140514